000 00235 a2200097 4500
001 51859
100 _aHornby, A S
245 _aOxford Advanced Learner's Dictionary of Current English
260 _a
_bOxford
_c
090 _c32752
_d32752
942 _aNUST-CAE
_cM
_c25283
999 _c286932
_d286932